00808nam a2200229 a 4500001000800000005001700008008004100025020001500066020001500081040001800096050002100114245004600135260010400181300002800285440004500313504003100358650003400389700002900423942001100452999001100463952010400474BRCA_4520190320202846.0940315s1994 nyua---##b---#001-0#eng-# a0415112788 a0415112796 aDLCcDLCdDLC 4aAM5b.C6674 199410aMuseum Managementcedited by Kevin Moore. aLondres ; Nueva YorkbThe Conservation Unit of the Museums & Galleries Commission ; Routledgec1994 axi, 298 p.bil.c26 cm. 0aLeicester readers in museum studies9204 aBibliografía: p. 290-29114aMuseosxAdministración92051 aMoore, Kevind1960-9206 2lcccB c45d45 00104070aBRCAbBRCAd2008-06-25l0oAM5 .C6674 1994p00040_1r2019-03-23 00:00:00w2019-03-23yB